Captura sin flagrancia y sin orden judicial : (Registro nro. 28901)
[ vista simple ]
| 000 -LEADER | |
|---|---|
| fixed length control field | 02001nam a2200265Ia 4500 |
| 003 - CONTROL NUMBER IDENTIFIER | |
| control field | CO-CtgCURN |
| 005 - DATE AND TIME OF LATEST TRANSACTION | |
| control field | 20250408231833.0 |
| 008 - FIXED-LENGTH DATA ELEMENTS--GENERAL INFORMATION | |
| fixed length control field | 190723s9999 xx 000 0 und d |
| 020 ## - INTERNATIONAL STANDARD BOOK NUMBER | |
| International Standard Book Number | 9586904423 |
| 040 ## - CATALOGING SOURCE | |
| Original cataloging agency | CO-CtgCURN |
| Language of cataloging | spa |
| Transcribing agency | coctgcurn |
| 082 ## - DEWEY DECIMAL CLASSIFICATION NUMBER | |
| Classification number | 345.05 |
| Item number | S194c |
| 100 ## - MAIN ENTRY--PERSONAL NAME | |
| Personal name | Sánchez Martínez, Germán Andrés |
| Relator term | autor |
| 9 (RLIN) | 6725 |
| 245 #0 - TITLE STATEMENT | |
| Title | Captura sin flagrancia y sin orden judicial : |
| Remainder of title | captura administrativa / |
| Statement of responsibility, etc. | Germán andrés Sánchez Martínez |
| 250 ## - EDITION STATEMENT | |
| Edition statement | 3 edición |
| 260 ## - PUBLICATION, DISTRIBUTION, ETC. | |
| Place of publication, distribution, etc. | Bogotá, Colombia : |
| Name of publisher, distributor, etc. | Leyer, |
| Date of publication, distribution, etc. | 2003 |
| 300 ## - PHYSICAL DESCRIPTION | |
| Extent | 110 páginas ; |
| Dimensions | 19 centímetros. |
| 505 ## - FORMATTED CONTENTS NOTE | |
| Formatted contents note | Cap.1. Sentido y alcance de la captura administrativa -- Cap.2. Requisitos de la captura administrativa -- Cap.3. Captura administrativa y habeas corpus -- Cap.4. El tiempo de la captura administrativa -- Cap.5. Observancia de los principios de igualdad, neutralidad e imparcialidad -- Cap.6. Imposibilidad de allanar -- Cap.7. Derechos del capturado -- Cap.8. Legalidad -- Cap.9. Criticas a la captura administrativa -- Cap.10. Obligatoriedad de la sentencia constitucional y otras criticas de entidad práctica -- Cap.11. La ley 270 de 1996 y la captura administrativa -- Cap.12. Caso especial de allanamiento por captura administrativa -- Cap.13. Doctrina sobre la captura administrativa -- Cap.14. Captura administrativa de menores -- Cap.15. Captura administrativa especial en conmoción. |
| 520 ## - SUMMARY, ETC. | |
| Summary, etc. | La captura administrativa se alimenta en esencia de la sentencia C-024 de 1994, de los artículos 28 inciso 2 y 243 de la constitución política, ley 270 citada a la postre, de la sentencia C-037 igualmente calificada adelante. Ni aun las reformas lejanísimas del código nacional de policía la afectan. |
| 521 ## - TARGET AUDIENCE NOTE | |
| Target audience note | AREA PROFESIONAL |
| 590 ## - LOCAL NOTE (RLIN) | |
| Local note | Programa de Derecho_18 |
| 650 ## - SUBJECT ADDED ENTRY--TOPICAL TERM | |
| Topical term or geographic name entry element | Captura administrativa |
| 9 (RLIN) | 6726 |
| 650 ## - SUBJECT ADDED ENTRY--TOPICAL TERM | |
| Topical term or geographic name entry element | Detencion preventiva |
| 9 (RLIN) | 6727 |
| 942 ## - ADDED ENTRY ELEMENTS (KOHA) | |
| Koha item type | Libros |
| Classification part | 345.05 |
| Item part | S194c |
| Source of classification or shelving scheme | Dewey Decimal Classification |
| Suppress in OPAC | No |
| Withdrawn status | Lost status | Damaged status | Not for loan | Collection | Home library | Current library | Shelving location | Date acquired | Inventory number | Total checkouts | Full call number | Barcode | Date last seen | Copy number | Price effective from | Koha item type |
|---|---|---|---|---|---|---|---|---|---|---|---|---|---|---|---|---|
| Miguel Henríquez Castañeda Barranquilla | Miguel Henríquez Castañeda Barranquilla | General | 05/23/2018 | 01758 | 345.05 S194c | 01758 | 07/23/2019 | ej.1 | 07/23/2019 | Libros |